Managerial Economics (Record no. 95496)
[ view plain ]
| 000 -LEADER | |
|---|---|
| fixed length control field | 00556nam a2200217Ia 4500 |
| 008 - FIXED-LENGTH DATA ELEMENTS--GENERAL INFORMATION | |
| fixed length control field | 230125s9999 xx 000 0 und d |
| 020 ## - INTERNATIONAL STANDARD BOOK NUMBER | |
| International Standard Book Number | 9788177583861 |
| 041 ## - LANGUAGE CODE | |
| Language code of text/sound track or separate title | eng |
| 082 ## - DEWEY DECIMAL CLASSIFICATION NUMBER | |
| Classification number | 338.502 |
| Item number | CRA |
| 100 ## - MAIN ENTRY--PERSONAL NAME | |
| Personal name | Peterson C H |
| 9 (RLIN) | 117658 |
| 245 ## - TITLE STATEMENT | |
| Title | Managerial Economics |
| 250 ## - EDITION STATEMENT | |
| Edition statement | 4th Ed. |
| 260 ## - PUBLICATION, DISTRIBUTION, ETC. (IMPRINT) | |
| Date of publication, distribution, etc. | 2019 |
| Name of publisher, distributor, etc. | Pearson Education |
| Place of publication, distribution, etc. | Tamil Nadu |
| 300 ## - PHYSICAL DESCRIPTION | |
| Extent | 622p |
| 440 ## - SERIES STATEMENT/ADDED ENTRY--TITLE | |
| Volume/sequential designation | 2 |
| 500 ## - GENERAL NOTE | |
| Keywords | Managerial economics; |
| 650 ## - SUBJECT ADDED ENTRY--TOPICAL TERM | |
| Topical term or geographic name as entry element | Economics |
| 700 ## - ADDED ENTRY--PERSONAL NAME | |
| Personal name | Peterson C H; Lewis W C & Jain S K |
| 9 (RLIN) | 117659 |
| 906 ## - LOCAL DATA ELEMENT F, LDF (RLIN) | |
| b | 223.72 |
| Withdrawn status | Lost status | Damaged status | Not for loan | Home library | Current library | Date acquired | Vendor | Cost, normal purchase price | Bill number | Total Checkouts | Total Renewals | Full call number | Barcode | Date last seen | Date last checked out | Cost, replacement price | Bill Date | Koha item type | Original Barcode |
|---|---|---|---|---|---|---|---|---|---|---|---|---|---|---|---|---|---|---|---|
| Smt. Hiraben Nanavati Institute of Management & Research for Women | Smt. Hiraben Nanavati Institute of Management & Research for Women | 10/12/2019 | Forward Books | 799.00 | 11140 | 1 | 1 | 338.502 CRA B18849 | HIMR-BK-18849 | 17/11/2025 | 03/11/2025 | 575.28 | 10/12/2019 | Books | B18849 | ||||
| Smt. Hiraben Nanavati Institute of Management & Research for Women | Smt. Hiraben Nanavati Institute of Management & Research for Women | 10/12/2019 | Forward Books | 799.00 | 11140 | 338.502 CRA B18850 | HIMR-BK-18850 | 25/01/2023 | 575.28 | 10/12/2019 | Books | B18850 |